| 000 | 00405cam a2200169ua 4500 | ||
|---|---|---|---|
| 020 | _c2.50 | ||
| 041 |
_aeng _h |
||
| 082 |
_a294.5 _bBEH/MI |
||
| 100 | _aBehari, Bankey . | ||
| 245 |
_aMinstrels of God / _cBankey Behari. _hTextual Documents |
||
| 260 |
_aMumbai : _bBharatiya Vidya Bhavan , _c1956. |
||
| 300 | _a204 ; . | ||
| 365 | _a2.50 | ||
| 504 | _a | ||
| 942 | _cBK | ||
| 999 |
_c1701 _d1701 |
||